000 01134nam a2200313 c 4500
999 _c114540
_d114540
003 BLK
005 20231228162555.0
008 180409b bul|||||r ||||||| ||bul||
010 _aKNG00119971000
040 _aBLK
041 _aBUL
_cBUL
080 _aНемска литература
_b821.112.2
_x-31
_z821.112.2-31
100 1 _aЗудерман, Херман
_eпърви автор
_970306
139 _aЗудерман, Херман
_bЗ 94
245 1 0 _aКотешката пътека
_bРоман
_cХерман Зудерман; прев. от нем. с предг. Тодор Берберов.
257 _aDEU
260 _bНар. култура
_c1960
300 _a252 с.
_b1 л. портр.
_c20 см
380 _aX
500 _aОриг. загл. Der Katzensteg / Hermann Sudermann. - 20 080 тир.
700 _aБерберов, Тодор Йончев
_9255900
852 _aЦб 17396
856 4 _qpdf
856 4 _qpdf
942 _cKNG
_n0
_s1
944 _aCR
_c21.10.2016
_k30560
_lГеновева Генчева
944 _aED
_c21.10.2016
_kКети_Илиева
999 _d114540